| 000 | 00000nas##2200000za#4500 |
| 001 | 9.514219 |
| 003 | CaOODSP |
| 005 | 20231123084320 |
| 007 | ta |
| 008 | 150406c1991||||xxc|| p #||||f| |0eng|d |
| 022 | |a0823-3330 |
| 040 | |aCaOODSP|beng |
| 043 | |an-cn--- |
| 086 | 1 |aE12-9E |
| 110 | 1 |aCanada. |bForeign Affairs and International Trade Canada. |
| 245 | 10|aCanadExport |
| 260 | |aOttawa - Ontario : |bForeign Affairs and International Trade |
| 310 | |aTwice a month |
| 362 | 1 |a[Vol. 1, No. 1 (Sept. 1983)] -- Vol. 25, No. 2, February 5, 2007 |
| 500 | |aIncludes quarterly supplement: "Canadian trade review: a quarterly review of Canada's trade performance". |
| 520 | 3 |aThis biweekly newsletter covers events and analysis of interest to Canadian exporters. It features success stories about Canadian entrepreneurs and export sectors, information about resources and opportunities, and periodic special interest supplements. |
| 563 | |aSoftcover |
| 690 | 07|aExports|2gcpds |
| 690 | 07|aInternational markets|2gcpds |
| 690 | 07|aInternational trade|2gcpds |
| 775 | 08|tCanadExport |w(CaOODSP)9.512647 |
| 776 | 0#|tCanadExport |w(CaOODSP)9.504717 |